पाइका की आवाज़ : (Record no. 117285)

MARC details
000 -LEADER
fixed length control field 01388nam a22002897a 4500
003 - CONTROL NUMBER IDENTIFIER
control field dpl
005 - DATE AND TIME OF LATEST TRANSACTION
control field 20180915160023.0
008 - FIXED-LENGTH DATA ELEMENTS--GENERAL INFORMATION
fixed length control field 180915b xxu||||| |||| 00| 0 eng d
010 ## - LIBRARY OF CONGRESS CONTROL NUMBER
LC control number B-032274
020 ## - INTERNATIONAL STANDARD BOOK NUMBER
Terms of availability 150.00
International Standard Book Number 8186754830
035 ## - SYSTEM CONTROL NUMBER
System control number B-032274, B-032296
037 ## - SOURCE OF ACQUISITION
Source of stock number/acquisition Cen Lib/Ret
040 ## - CATALOGING SOURCE
Original cataloging agency DPL
Language of cataloging HN
Transcribing agency 0
082 ## - DEWEY DECIMAL CLASSIFICATION NUMBER
Classification number
Item number महापा
100 ## - MAIN ENTRY--PERSONAL NAME
Personal name महापात्र, मनोरमा
9 (RLIN) 71164
245 ## - TITLE STATEMENT
Title पाइका की आवाज़ :
Statement of responsibility, etc मनोरमा महापात्र ; अन्वादक कुमार हसन
Remainder of title सत्य घटनाओं पर आधारित कहानियां /
246 ## - VARYING FORM OF TITLE
Title proper/short title Payika ki awaz : satya ghatnaon par adhrit kahaniyan /
Remainder of title by Manorama Mahapatra ; anuvadak Kumar Hasan
260 ## - PUBLICATION, DISTRIBUTION, ETC. (IMPRINT)
Place of publication, distribution, etc नयी दिल्ली
Date of publication, distribution, etc 1994
Name of publisher, distributor, etc इरावदी प्रकाशन
270 ## - ADDRESS
City नयी दिल्ली
Address इ, ब्लाक विकासपुरी
Postal code 110018
300 ## - PHYSICAL DESCRIPTION
Extent xii,159पृ.
Dimensions 19सेमी(सजिल्द )
650 ## - SUBJECT ADDED ENTRY--TOPICAL TERM
Topical term or geographic name as entry element ओड़िसा साहित्य
9 (RLIN) 71165
650 ## - SUBJECT ADDED ENTRY--TOPICAL TERM
Topical term or geographic name as entry element ओड़िसा साहित्य
General subdivision कहानियां
9 (RLIN) 71166
650 ## - SUBJECT ADDED ENTRY--TOPICAL TERM
Topical term or geographic name as entry element Odisa literature
9 (RLIN) 71167
650 ## - SUBJECT ADDED ENTRY--TOPICAL TERM
Topical term or geographic name as entry element Odisa literature
General subdivision stories
9 (RLIN) 71168
700 ## - ADDED ENTRY--PERSONAL NAME
Personal name कुमार हसन
9 (RLIN) 71169
942 ## - ADDED ENTRY ELEMENTS (KOHA)
Source of classification or shelving scheme Dewey Decimal Classification
Koha item type Hindi Books
Classification part
Call number suffix महापा
Holdings
Withdrawn status Lost status Damaged status Not for loan Home library Current library Date acquired Source of acquisition Cost, normal purchase price Total Checkouts Full call number Barcode Date last seen Copy number Cost, replacement price Price effective from Koha item type Source of classification or shelving scheme Collection code Total Renewals Date checked out
        Central Library Central Library 26/08/2015 Cen Lib/Ref 150.00   क महापा B-032274 26/08/2015 1 150.00 26/08/2015 Hindi Books        
        Shahdara Branch Shahdara Branch 15/09/2018 BPPD/PUB 150.00   क महापा B-032296 15/09/2018   150.00 15/09/2018 Hindi Books Dewey Decimal Classification Fiction    
        Yojana Vihar Yojana Vihar 23/07/2019 BPPD/PUB 150.00 2 क महापा B-032297 30/08/2025   150.00 23/07/2019 Hindi Books Dewey Decimal Classification Fiction 2 05/08/2025

© Delhi Public Library
Hit Counter
free hit counter